000 00573cam a2200229 4500
001 J3098
008 090401t1995 xxu||||| |||| 00| 0 eng d
035 _a(Sirsi) u53002
041 _aeng
050 _a333.337
110 _aKnight Frank and Rutley
_91990
245 _aLeisure property. - Spring 1995
260 _aLondon
_bKnight Frank and Rutley
_c1995
300 _a(4)p. : ill. ; 30cm.
350 _a0
650 _aBINGO
650 _aLEISURE PARKS
650 _aLEISURE PROPERTY
690 _aLEISURE AND RECREATION
942 _n0
948 _c04/03/1997
999 _c93207
_d93207